| Tag |
First Indicator |
Second Indicator |
Subfields |
| LEADER |
00000cam a2200000 a 4500 |
| 001 |
in00001992829 |
| 005 |
20220106093837.0 |
| 008 |
040902s2004 dcu f000 0 eng c |
| 020 |
|
|
|a 0160734029
|
| 035 |
|
|
|a (OCoLC)ocm56342243
|
| 037 |
|
|
|a 552-070-31670-1
|b GPO
|
| 040 |
|
|
|a SEN
|c SEN
|d GPO
|d MvI
|d UtOrBLW
|
| 042 |
|
|
|a pcc
|
| 043 |
|
|
|a n-us---
|
| 049 |
|
|
|a UDOC
|
| 049 |
|
|
|a WWW
|
| 074 |
|
|
|a 1041-A
|
| 074 |
|
|
|a 1041-A (online)
|
| 074 |
|
|
|a 1041-B (MF)
|
| 074 |
|
|
|a 1041-B (online)
|
| 086 |
0 |
|
|a Y 4.C 73/7:S.HRG.107-1072
|
| 110 |
1 |
|
|a United States.
|b Congress.
|b Senate.
|b Committee on Commerce, Science, and Transportation.
|
| 245 |
1 |
0 |
|a Nomination of Robert W. Cobb to be Inspector General of the National Aeronautics and Space Administration :
|b hearing before the Committee on Commerce, Science, and Transportation, United States Senate, One Hundred Seventh Congress, second session, March 13, 2002.
|
| 264 |
|
1 |
|a Washington :
|b U.S. G.P.O. :
|c 2004.
|
| 264 |
|
2 |
|a Washington :
|b For sale by the Supt. of Docs., U.S. G.P.O.,
|
| 300 |
|
|
|a iii, 19 pages ;
|c 24 cm.
|
| 336 |
|
|
|a text
|b txt
|2 rdacontent
|
| 337 |
|
|
|a unmediated
|b n
|2 rdamedia
|
| 338 |
|
|
|a volume
|b nc
|2 rdacarrier
|
| 490 |
1 |
|
|a S. hrg. ;
|v 107-1072
|
| 500 |
|
|
|a "Printed for the use of the Committee on Commerce, Science, and Transportation."
|
| 500 |
|
|
|a Distributed to some depository libraries in microfiche.
|
| 500 |
|
|
|a Shipping list number: 2004-0256-P.
|
| 500 |
|
|
|a Shipping List Date: 08/27/2004
|
| 530 |
|
|
|a Also available via Internet from the GPO Access web site. Addresses as of 8/30/04: http://frwebgate.access.gpo.gov/cgi-bin/getdoc.cgi?dbname=107%5Fsenate%5Fhearings&docid=f:87751.wais (text version), http://frwebgate.access.gpo.gov/cgi-bin/getdoc.cgi?dbname=107%5Fsenate%5Fhearings&docid=f:87751.pdf (PDF version); current access is available via PURLs.
|
| 600 |
1 |
0 |
|a Cobb, Robert Watson,
|d 1960-
|
| 610 |
1 |
0 |
|a United States.
|b National Aeronautics and Space Administration.
|b Office of Inspector General
|x Officials and employees
|x Selection and appointment.
|
| 810 |
1 |
|
|a United States.
|b Congress.
|b Senate.
|t S. hrg. ;
|v 107-1072.
|
| 856 |
4 |
1 |
|3 Text version:
|u https://purl.fdlp.gov/GPO/LPS53384
|t 0
|
| 856 |
4 |
1 |
|3 PDF version:
|u https://purl.fdlp.gov/GPO/LPS53385
|t 0
|
| 999 |
|
|
|a MARS
|
| 999 |
f |
f |
|s 02414f19-dfd3-30c4-be8e-9ffdb5920099
|i 888b09b2-4853-3c24-8fd2-98713945d365
|t 0
|
| 952 |
f |
f |
|a Texas A&M University
|b College Station
|c Electronic Resources
|d Available Online
|t 0
|e Y 4.C 73/7:S.HRG.107-1072
|h Superintendent of Documents classification
|
| 998 |
f |
f |
|a Y 4.C 73/7:S.HRG.107-1072
|t 0
|l Available Online
|